Pirandello's theater : the recovery of the modern stage for dramatic art /

Bibliographic Details
Main Author: Paolucci, Anne
Format: Book
Language:English
Published: Smyrna, Del. : Published for the Bagehot Council by Griffon House Publications, 2002.
Subjects:

MARC

Tag First Indicator Second Indicator Subfields
LEADER 00000cam a22000004a 4500
001 in00002000833
005 20151031123738.0
008 020626r20021974deua b 001 0 eng
010 |a  2002027111 
020 |a 1932107002 (pbk. : alk. paper) 
035 |a (OCoLC)ocm50123126 
040 |a DLC  |c DLC  |d LVB  |d UtOrBLW 
042 |a pcc 
049 |a TXAM 
050 0 0 |a PQ4835.I7  |b Z723 2002 
082 0 0 |a 852/.912  |2 21 
100 1 |a Paolucci, Anne. 
245 1 0 |a Pirandello's theater :  |b the recovery of the modern stage for dramatic art /  |c Anne Paolucci ; original preface by Harry T. Moore ; original introduction by Anne Paolucci ; new foreword by Anne Paolucci. 
264 1 |a Smyrna, Del. :  |b Published for the Bagehot Council by Griffon House Publications,  |c 2002. 
300 |a xiii, 161 pages :  |b illustrations ;  |c 22 cm. 
336 |a text  |b txt  |2 rdacontent 
337 |a unmediated  |b n  |2 rdamedia 
338 |a volume  |b nc  |2 rdacarrier 
500 |a Originally published: Carbondale : Southern Illinois University Press, 1974. With new introds. 
504 |a Includes bibliographical references (pages 151-152) and index. 
600 1 0 |a Pirandello, Luigi,  |d 1867-1936  |x Criticism and interpretation. 
600 1 6 |a Pirandello, Luigi,  |d 1867-1936  |x Critique et interprétation. 
948 |a cataloged  |b h  |c 2004/10/18  |d c  |e cmulkey  |f 1:15:43 pm 
994 |a C0  |b TXA 
999 |a MARS 
999 f f |s d790a3c1-daac-3612-b68e-3165dccafe11  |i 97e60b69-f72e-3d87-81b9-ef8a2480b102  |t 0 
952 f f |p ric  |a Texas A&M University  |b Rellis Campus  |c Joint Library Facility  |s JLF  |d Remote Storage  |t 0  |e PQ4835.I7 Z723 2002  |h Library of Congress classification  |i unmediated -- volume  |m A14832274399 
998 f f |a PQ4835.I7 Z723 2002  |t 0  |l Remote Storage